[Event "Havana Province-ch final"]
[Site "Havana"]
[Date "2010.10.26"]
[Round "9"]
[White "Salgado Segui, Roberto"]
[Black "Rivero Gonzalez, Carlos"]
[Result "1-0"]
[WhiteElo "2195"]
[BlackElo "2021"]
[PlyCount "122"]
[EventDate "2010.10.18"]
[EventType "tourn"]
[EventRounds "11"]
[EventCountry "CUB"]
[SourceTitle "EXT 2019"]
[Source "ChessBase"]
[SourceDate "2018.10.10"]
[SourceVersion "1"]
[SourceVersionDate "2018.10.10"]
[SourceQuality "1"]

1. e4 e6 2. d3 d5 3. Nd2 Nf6 4. Ngf3 Nc6 5. e5 Nd7 6. Qe2 g5 7. h3 Bg7 8. d4 h6 9. c3 f5 10. Nh2 0-0 11. Ndf3 b6 12. Qc2 Ne7 13. g4 fxg4 14. hxg4 Rf7 15. Bxg5 hxg5 16. Nxg5 Nf8 17. Bd3 Rf4 18. Nhf3 Qe8 19. 0-0-0 c5 20. Bh7+ Nxh7 21. Qxh7+ Kf8 22. Rh6 Rxf3 23. Nxf3 Qf7 24. Rh3 Qg6 25. Qxg6 Nxg6 26. Nh4 Nxh4 27. Rxh4 Bd7 28. f4 cxd4 29. cxd4 Rc8+ 30. Kb1 Kg8 31. Rh2 Rf8 32. Rf1 Rc8 33. f5 Rc4 34. f6 Rxd4 35. fxg7 Rxg4 36. Rh8+ Kxg7 37. Rfh1 Bb5 38. R1h7+ Kg6 39. Rg8+ Kxh7 40. Rxg4 Bd3+ 41. Kc1 b5 42. Kd2 Bb1 43. a3 a5 44. Ke3 Bf5 45. Rg1 Kh6 46. Rg8 a4 47. Rb8 Kg7 48. Rxb5 Bc2 49. Rc5 Bb3 50. Kf4 Kf7 51. Rc7+ Ke8 52. Rc6 Kd7 53. Rd6+ Ke7 54. Ra6 Bc2 55. Ra7+ Ke8 56. Ke3 Kd8 57. Kd4 Kc8 58. Kc5 Kb8 59. Ra6 Bb3 60. Rxe6 Kc7 61. Re7+ Kd8 1-0

[Event "Havana Province-ch final"]
[Site "Havana"]
[Date "2010.10.25"]
[Round "8"]
[White "Rivero Gonzalez, Carlos"]
[Black "Soto Hernandez, Henry"]
[Result "0-1"]
[WhiteElo "2021"]
[BlackElo "2308"]
[PlyCount "51"]
[EventDate "2010.10.18"]
[EventType "tourn"]
[EventRounds "11"]
[EventCountry "CUB"]
[SourceTitle "EXT 2019"]
[Source "ChessBase"]
[SourceDate "2018.10.10"]
[SourceVersion "1"]
[SourceVersionDate "2018.10.10"]
[SourceQuality "1"]

1. d4 Nf6 2. c4 g6 3. Nc3 Bg7 4. e4 d6 5. f4 0-0 6. Nf3 c5 7. d5 e6 8. Be2 exd5 9. cxd5 Re8 10. Nd2 b6 11. 0-0 Ba6 12. Bxa6 Nxa6 13. Qf3 Nb4 14. a4 Qe7 15. g4 a6 16. g5 Nd7 17. Nc4 Nc2 18. Rb1 Nd4 19. Kg2 b5 20. Nd2 b4 21. Nd1 f5 22. exf5 Nxf5 23. Nc4 Bd4 24. Kh1 Qe2 25. Nde3 Qd3 26. Qe2 0-1

[Event "Havana Province-ch final"]
[Site "Havana"]
[Date "2010.10.23"]
[Round "6"]
[White "Rivero Gonzalez, Carlos"]
[Black "Olivares Canelles, Francisco"]
[Result "0-1"]
[WhiteElo "2021"]
[BlackElo "2283"]
[PlyCount "90"]
[EventDate "2010.10.18"]
[EventType "tourn"]
[EventRounds "11"]
[EventCountry "CUB"]
[SourceTitle "EXT 2019"]
[Source "ChessBase"]
[SourceDate "2018.10.10"]
[SourceVersion "1"]
[SourceVersionDate "2018.10.10"]
[SourceQuality "1"]

1. d4 Nf6 2. c4 e6 3. Nc3 d5 4. Bg5 Be7 5. e3 0-0 6. cxd5 exd5 7. Bd3 c6 8. Nge2 Re8 9. Qc2 Nbd7 10. 0-0 Nf8 11. Rad1 Be6 12. f3 Rc8 13. Kh1 N6d7 14. Bxe7 Rxe7 15. e4 Nf6 16. e5 Ne8 17. f4 g6 18. f5 gxf5 19. Bxf5 Ng7 20. Ng3 Ng6 21. Qd2 Rd7 22. Bxe6 fxe6 23. Rf6 c5 24. Qg5 cxd4 25. Rxd4 Qb6 26. Rxd5 Rxd5 27. Nxd5 Qxb2 28. Ne3 Qxe5 29. Rxg6 Qa1+ 30. Nef1 hxg6 31. Qxg6 Rf8 32. Qd3 Qxa2 33. h4 Qd5 34. Qe2 Rf4 35. h5 Nxh5 36. Nxh5 Rh4+ 37. Kg1 Qc5+ 38. Ne3 Qxh5 39. Qd3 Rh1+ 40. Kf2 Qh4+ 41. Kf3 Qf6+ 42. Kg3 Rh4 43. Qd6 Rd4 44. Qb8+ Kh7 45. Ng4 Qg7 0-1

[Event "Havana Province-ch final"]
[Site "Havana"]
[Date "2010.10.22"]
[Round "5"]
[White "Rivero Gonzalez, Carlos"]
[Black "Perez Grinan, Pedro Ernesto"]
[Result "1-0"]
[WhiteElo "2021"]
[BlackElo "1914"]
[PlyCount "67"]
[EventDate "2010.10.18"]
[EventType "tourn"]
[EventRounds "11"]
[EventCountry "CUB"]
[SourceTitle "EXT 2019"]
[Source "ChessBase"]
[SourceDate "2018.10.10"]
[SourceVersion "1"]
[SourceVersionDate "2018.10.10"]
[SourceQuality "1"]

1. d4 Nf6 2. c4 g6 3. Nc3 Bg7 4. e4 d6 5. f4 0-0 6. Nf3 c6 7. Be2 Bg4 8. 0-0 Na6 9. Be3 Nc7 10. Qe1 e6 11. Qg3 Bf5 12. Bd3 d5 13. cxd5 cxd5 14. e5 Nfe8 15. Qh3 Bh6 16. g4 Ng7 17. Bf2 f6 18. exf6 Qxf6 19. Rac1 Rf7 20. Qg3 Qd8 21. Rc2 Qd6 22. Rfc1 Raf8 23. Ne2 Nge8 24. Kh1 Bg7 25. h4 Kh8 26. Bg1 Na6 27. a3 Nf6 28. Bh2 Qe7 29. g5 Bh6 30. h5 gxh5 31. Bxf5 Nd7 32. Bh3 Nb6 33. Qh4 Rf5 34. Bxf5 1-0

[Event "Havana Province-ch final"]
[Site "Havana"]
[Date "2010.10.19"]
[Round "2"]
[White "Rodriguez Bravo, Alfredo"]
[Black "Rivero Gonzalez, Carlos"]
[Result "0-1"]
[WhiteElo "2085"]
[BlackElo "2021"]
[PlyCount "76"]
[EventDate "2010.10.18"]
[EventType "tourn"]
[EventRounds "11"]
[EventCountry "CUB"]
[SourceTitle "EXT 2019"]
[Source "ChessBase"]
[SourceDate "2018.10.10"]
[SourceVersion "1"]
[SourceVersionDate "2018.10.10"]
[SourceQuality "1"]

1. e4 e6 2. Nf3 d5 3. Nc3 Nf6 4. d4 Bb4 5. e5 Ne4 6. Bd2 Bxc3 7. bxc3 c5 8. Bd3 Nxd2 9. Qxd2 c4 10. Be2 Nc6 11. 0-0 0-0 12. Qe3 Bd7 13. Nd2 f5 14. f4 Qe7 15. Qh3 g5 16. g4 Kh8 17. Kh1 fxg4 18. Qxg4 gxf4 19. Rxf4 Rxf4 20. Qxf4 Rf8 21. Qg3 Rg8 22. Qf3 Rf8 23. Qg3 Qg7 24. Rf1 Qxg3 25. Rxf8+ Qg8 26. Rxg8+ Kxg8 27. Bg4 Nd8 28. Nf1 Be8 29. Ng3 Bg6 30. Bd1 Kg7 31. Kg2 Kh6 32. Kf2 Kg5 33. Kf3 h5 34. Ke3 Nf7 35. Ne2 Nh6 36. Kf3 Bf5 37. Kg3 h4+ 38. Kf2 Ng4+ 0-1